| 000 | 00478cam a2200157 4500500 | ||
|---|---|---|---|
| 005 | 20251228064228.0 | ||
| 041 | _afre | ||
| 042 | _adc | ||
| 100 | 1 | 0 |
_aBrunhes, Simone _eauthor |
| 700 | 1 | 0 |
_aRozenkier, Alain _eauthor |
| 245 | 0 | 0 | _aParutions |
| 260 | _c2011. | ||
| 500 | _a8 | ||
| 786 | 0 | _nRetraite et société | 61 | 2 | 2011-08-01 | p. 255-260 | 1167-4687 | |
| 856 | 4 | 1 | _uhttps://shs.cairn.info/revue-retraite-et-societe1-2011-2-page-255?lang=fr&redirect-ssocas=7080 |
| 999 |
_c1589590 _d1589590 |
||